000 01153cam a2200145 4500500
005 20260329034039.0
041 _afre
042 _adc
100 1 0 _aPewzner, Évelyne
_eauthor
700 1 0 _aPewzner-Apeloig, Évelyne
_eauthor
245 0 0 _aIntroduction à la psychopathologie de l'adulte
260 _bArmand Colin,
_c2011.
520 _aCet ouvrage étudie les principales manifestations pathologiques que les psychiatres et psychologues rencontrent dans leur pratique. Les exemples cliniques et les textes présentés en font son originalité. Cette 3e édition tient compte des évolutions dans le champ de la thérapeutique (approches psychothérapeutiques nouvelles, médications récentes), mais aussi des évolutions législatives directement liées à l'évolution des idées et des représentations dans la société contemporaine. Evelyne Pewzner, psychiatre et psychothérapeute, est professeur honoraire de psychopathologie et psychologie clinique à l’université de Picardie Jules-Verne.
856 4 1 _uhttps://shs.cairn.info/introduction-a-la-psychopathologie-de-l-adulte--9782200271527?lang=fr&redirect-ssocas=7080
999 _c1960531
_d1960531